000 00351nam a2200157Ia 4500
003 IT-RoPAU
008 120407s9999 xx 000 0 und d
040 _aIT-RoPAU
040 _cIT-RoPAU
100 _aAbbrescia Domenico M.
245 _aLa Chiesa รจ un cenacolo
260 _aSaggi ed Esperienze
300 _c cm
490 _v1
942 _cBK
999 _c10396
_d10396